[Event "POL-chT 2nd League-3 2020"]
[Site "Poronin"]
[Date "2020.09.11"]
[Round "7.23"]
[White "Fraczek, Dariusz"]
[Black "Glatty, Zbigniew"]
[Result "0-1"]
[WhiteElo "2027"]
[BlackElo "1857"]
[Annotator "TA"]
[PlyCount "107"]
[EventDate "2020.09.05"]
[EventType "team-tourn"]
[EventCountry "POL"]
[SourceTitle "playchess.com"]
[Source "ChessBase"]
[SourceQuality "1"]
[WhiteTeam "LKSz Lublin"]
[BlackTeam "ASSz Lipno Steszew"]
[WhiteTeamCountry "POL"]

{[%evp 25,107,44,47,40,89,83,80,90,91,58,56,47,97,72,76,85,83,81,72,75,83,37,38,37,87,75,47,70,70,39,50,66,48,-6,60,65,59,14,11,0,0,0,62,52,50,50,52,52,43,45,45,27,50,49,45,52,47,0,0,0,46,0,5,0,48,-11,31,20,64,16,22,0,31,8,62,28,66,54,112,102,110,76,66,69]} 1. c4 Nf6 2. Nf3 e6 3. Nc3 d5 4. d4 c6 5. Bg5 Nbd7 6. cxd5 exd5 7. e3 Be7 8. Bd3 O-O 9. Qc2 Re8 10. h3 Nf8 11. O-O Nh5 12. Bxe7 Qxe7 13. Rab1 g6 14. b4 {D36: Queen's Gambit Declined: Exchange Variation: Main line (5 Bg5 c6 6 Qc2).} Ng7 15. b5 Bf5 16. bxc6 {White is better.} bxc6 17. Ne5 {[#]} Rac8 $146 ({Predecessor:} 17... Bxd3 18. Qxd3 Rec8 19. Qa6 Rc7 20. e4 dxe4 21. Nxc6 Qd7 22. d5 Ne8 23. Nb5 Rcc8 {1-0 (46) Karkuth,S (2334)-Heyland,W GER corr 1999}) 18. Na4 (18. Rfc1 {is more complex.} Bxd3 19. Nxd3 Nf5 20. Ne5 Qd6 21. Na4) 18... c5 19. Bxf5 Nxf5 20. Nxc5 Rxc5 21. Qxc5 Qxc5 22. dxc5 {[#] Threatens to win with g4.} Rxe5 23. c6 {Strongly threatening c7.} Re8 $1 24. Rfc1 {[%mdl 1024] White has compensation.} Nd6 25. Rc5 Rc8 26. c7 Ne8 $1 27. Rb7 (27. Rb8 $5 {[%cal Rb8c8]} Rxc7 28. Rxc7 Nxc7 29. Rc8 $11) 27... a6 28. Rb8 Rxc7 29. Rxd5 ({White should try} 29. Rxc7 $14 Nxc7 30. Rc8) 29... Nf6 (29... Rc1+ $11 30. Kh2 Nc7) 30. Rdd8 $14 N6d7 31. Ra8 Kg7 32. Rxa6 Ne6 33. Rda8 Nec5 (33... Rc1+ $11 34. Kh2 Rc2) 34. R6a7 Rc6 $1 35. Rd8 Nb6 36. Rd4 Nc8 37. Ra5 Ne6 38. Rd2 Nb6 39. Ra6 Nc7 40. Ra7 Nb5 41. Ra6 {Rb2 is the strong threat.} Nc7 $1 {[%cal Rc7a6]} 42. Ra7 Nb5 $1 {[%cal Rb5a7]} 43. Rb7 {And now Rb2 would win.} Nd6 44. Rb8 Kf6 45. Rb2 ({Better is} 45. Rd1 $14) 45... Nbc4 46. Rc2 Ke6 47. f3 h5 48. Kf2 Kd5 49. Rb3 Kc5 ({Black should play} 49... Ra6 $11) 50. e4 (50. Ra3 $5) 50... Nb5 51. Rd3 $1 Rc7 (51... Nd4 $14 52. Rc1 Rb6) 52. Rd5+ $16 Kb4 53. Rc1 {[#] Hoping for Rb1+.} Nc3 54. Rd8 $1 {[%mdl 32768] Accuracy: White = 69%, Black = 65%. . Loss on time!?} 0-1

[Event "POL-chT 2nd League-3 2020"]
[Site "Poronin"]
[Date "2020.09.11"]
[Round "7.24"]
[White "Kostecka, Marika"]
[Black "Fraczek, Weronika"]
[Result "1/2-1/2"]
[WhiteElo "1917"]
[BlackElo "1882"]
[Annotator "TA"]
[PlyCount "71"]
[EventDate "2020.09.05"]
[EventType "team-tourn"]
[EventCountry "POL"]
[SourceTitle "playchess.com"]
[Source "ChessBase"]
[SourceQuality "1"]
[WhiteTeam "ASSz Lipno Steszew"]
[BlackTeam "LKSz Lublin"]
[BlackTeamCountry "POL"]

{[%evp 14,71,38,11,10,0,0,-31,22,7,69,14,48,16,39,33,47,-4,30,0,83,41,85,62,120,71,173,54,77,38,41,39,41,33,55,57,54,39,28,27,83,85,90,62,43,0,39,39,53,41,46,0,52,-41,0,0,20,0,24,8]} 1. e4 c5 2. Nf3 e6 3. d4 cxd4 4. Nxd4 a6 5. Bd3 Nc6 6. Nxc6 dxc6 7. O-O e5 8. Qh5 Qc7 {B42: Sicilian: Kan Variation: 5 Bd3.} 9. f4 Nf6 10. Qh4 {[#]} (10. Qe2 {is more complex.} Bc5+ 11. Kh1 O-O 12. a4 Bg4 13. Qe1) 10... Bd6 $146 (10... Be7 $15) ({Predecessor:} 10... Be7 11. f5 Bd7 12. Nc3 O-O-O 13. Be3 c5 14. h3 Bc6 15. Qf2 Rd7 16. Rfe1 Qa5 {1-0 (68) Veleski,R (2232)-Slamar,V (2172) Topusko 2014}) 11. f5 $11 Bd7 {[#]} (11... Be7 $11) 12. Be3 (12. Bh6 $1 $14 {[%mdl 512]} Bf8 (12... gxh6 13. Qxf6) 13. Be3) 12... c5 13. Nd2 b5 14. c4 Bc6 15. h3 (15. g4 $14) 15... b4 16. Qf2 Ba4 (16... Rd8 $11) 17. b3 Bd7 18. a3 Qb6 (18... O-O $14) 19. Qg3 Kf8 (19... O-O $16 {is a better defense.}) 20. a4 (20. axb4 $18 {aiming for b5.} Qxb4 21. Rfd1) 20... Bc6 21. Qf3 Rd8 22. Bc2 h6 23. g4 Qb7 24. Rae1 Nh7 25. h4 Be7 26. Qg3 f6 (26... Nf6 $11 {remains equal.}) 27. Re2 $16 Ke8 28. Rff2 Kd7 29. Rf1 Kc8 30. Qf2 Qa7 31. Nf3 Nf8 32. h5 Nd7 ({Black should try} 32... Nh7 $11) 33. Nd2 (33. Rd1 $14) 33... a5 34. Nf3 Rhe8 35. Rd1 Nf8 36. Rxd8+ {Accuracy: White = 48%, Black = 58%.} 1/2-1/2

[Event "POL-chT 2nd League-3 2020"]
[Site "Poronin"]
[Date "2020.09.12"]
[Round "8.1"]
[White "Chojnacki, Krzysztof"]
[Black "Piesik, Piotr"]
[Result "1/2-1/2"]
[WhiteElo "2391"]
[BlackElo "2418"]
[Annotator "TA"]
[PlyCount "41"]
[EventDate "2020.09.05"]
[EventType "team-tourn"]
[EventCountry "POL"]
[SourceTitle "playchess.com"]
[Source "ChessBase"]
[SourceQuality "1"]
[WhiteTeam "LKS Chrobry Gniezno"]
[BlackTeam "KS AZS Politechniki Sl. Gliwice"]
[WhiteTeamCountry "POL"]

{[%evp 21,22,9,19]} 1. e4 c5 2. Nf3 d6 3. Bb5+ Bd7 4. Bxd7+ Qxd7 5. c4 Nc6 6. Nc3 Nf6 7. d4 cxd4 8. Nxd4 e6 9. O-O Be7 10. b3 O-O 11. Bb2 a6 {[#]} {Predecessor:} 12. Nxc6 $146 {B52: Sicilian: Moscow Variation with 3...Bd7.} Qxc6 13. Qe2 Rfe8 14. Rac1 Nd7 15. Rfd1 Rac8 16. g3 Nc5 17. f3 Bf6 18. Rc2 Be5 19. Kg2 Nd7 20. Rcd2 Nc5 21. Nb1 {½-½ (40) Steinberg,N (2542)-Smirin,I (2607) Israel 2020} 1/2-1/2

[Event "POL-chT 2nd League-3 2020"]
[Site "Poronin"]
[Date "2020.09.12"]
[Round "8.2"]
[White "Wandzik, Wojciech"]
[Black "Raczynski, Krzysztof"]
[Result "1-0"]
[WhiteElo "2422"]
[BlackElo "2245"]
[Annotator "TA"]
[PlyCount "71"]
[EventDate "2020.09.05"]
[EventType "team-tourn"]
[EventCountry "POL"]
[SourceTitle "playchess.com"]
[Source "ChessBase"]
[SourceQuality "1"]
[WhiteTeam "KS AZS Politechniki Sl. Gliwice"]
[BlackTeam "LKS Chrobry Gniezno"]
[BlackTeamCountry "POL"]

{[%evp 26,71,0,-16,-14,-17,0,0,0,0,0,-5,-7,-31,0,-41,0,0,0,0,0,0,-17,-162,0,0,97,0,0,-61,145,150,290,270,294,138,276,275,772,771,733,738,711,675,1478,1466,1813,1686]} 1. e4 c5 2. Nf3 d6 3. Bb5+ Bd7 4. Bxd7+ Qxd7 5. O-O Nc6 6. c3 Nf6 7. Re1 e6 8. d4 cxd4 9. cxd4 d5 10. e5 Ne4 11. Nbd2 Nxd2 12. Bxd2 Be7 13. Rc1 O-O 14. Rc3 Rfc8 {B52: Sicilian: Moscow Variation with 3...Bd7.} 15. a3 Nd8 {15...Bd8 is a critical line.} 16. Rd3 Qb5 {The position is equal.} 17. Bc3 Rc7 18. h4 Rac8 {[#]} 19. a4 $146 ({Predecessor:} 19. Qd2 a5 20. h5 b6 21. Nh2 Qe8 22. Rg3 Kh8 23. Ng4 b5 24. Bxa5 Rc2 25. Qf4 Rxb2 {1-0 (39) Diermair,A (2485)-Groetz,H (2279) Vienna 2015}) 19... Qa6 20. Ng5 Rc4 21. Rg3 h6 22. Nh3 $1 Bxh4 23. Rg4 Be7 24. Re3 (24. Nf4 $1 $11 {and White has nothing to worry.}) 24... Kf8 $2 (24... Rxa4 $19 {White must now prevent ...Ra1.} 25. Re1 Nc6) 25. Qb1 $1 $11 g6 {[#]} (25... Kg8 $11 {keeps the balance.} 26. Reg3 g5) 26. Rxg6 $1 {[%mdl 512]} Rxa4 (26... fxg6 $2 27. Qxg6 Nf7 28. Rf3 $1 $18 {[%mdl 512]}) 27. Reg3 (27. Rxh6 $11 Ra1 28. Rh8+ Kg7 29. Rh7+ Kg8 30. Rg3+ Bg5 31. Rxg5+ Kf8 32. Rh8+ Ke7 33. Qxa1 (33. Bb4+ $2 Kd7 $19) 33... Qxa1+ 34. Kh2) 27... Bg5 $2 (27... fxg6 28. Qxg6 Ra1+ 29. Kh2 Rh1+ 30. Kxh1 Qf1+ 31. Kh2 Qh1+ 32. Kxh1 Bh4 33. Bb4+ Rc5 34. Bxc5+ Be7 35. Qg8#) (27... Ke8 $1 $15 {keeps the upper hand.} 28. Rg8+ (28. Rxh6 $2 Ra1 $19) 28... Kd7) 28. Kh2 $1 $16 {[%mdl 1024] White has strong compensation.} (28. Nxg5 $2 Ra1 $19) 28... Ra1 (28... Qb6 $16 {was necessary.}) 29. Bb4+ $18 Ke8 30. Rg8+ Kd7 {[#]} 31. Qh7 $1 {Hoping for Rxd8+!} Rac1 $2 ({Wrong is} 31... Qf1 $2 {[#]} 32. Rxd8+ $1 {[%mdl 512]} Kxd8 33. Qg8+ Kc7 34. Rc3+ Kb6 35. Qxc8 $18) (31... Rcc1 32. Rc3 Rxc3 33. bxc3 (33. Nxg5 hxg5 34. bxc3 Qe2 $16) 33... Qf1 34. Rxd8+ (34. Nxg5 hxg5 35. Kg3 Qh1 $14) 34... Kxd8) 32. Nxg5 {White is clearly winning.} hxg5 33. Bd2 Qf1 {[#]} 34. Rxd8+ $1 {[%mdl 512]} Rxd8 {[%csl Gc1][%cal Rf1h1]} 35. Bxc1 Qxc1 36. Qxf7+ {Accuracy: White = 78%, Black = 52%.} 1-0

[Event "POL-chT 2nd League-3 2020"]
[Site "Poronin"]
[Date "2020.09.12"]
[Round "8.3"]
[White "Bardeli, Lukasz"]
[Black "Gola, Karol"]
[Result "1/2-1/2"]
[WhiteElo "2189"]
[BlackElo "2192"]
[Annotator "ChessBase"]
[PlyCount "73"]
[EventDate "2020.09.05"]
[EventType "team-tourn"]
[EventCountry "POL"]
[SourceTitle "playchess.com"]
[Source "ChessBase"]
[SourceQuality "1"]
[WhiteTeam "LKS Chrobry Gniezno"]
[BlackTeam "KS AZS Politechniki Sl. Gliwice"]
[WhiteTeamCountry "POL"]
[TimeControl "40/5400+30:900+30"]

1. Nf3 {[%emt 0:00:00]} d5 {[%emt 0:00:00]} 2. c4 {[%emt 0:00:00]} c6 {[%emt 0:00:00]} 3. b3 {[%emt 0:00:00]} Bg4 {[%emt 0:00:10]} 4. Bb2 {[%emt 0:01:18]} Nd7 {[%emt 0:00:19]} 5. g3 {[%emt 0:03:22]} Ngf6 {[%emt 0:01:15]} 6. Bg2 {[%emt 0:00:08]} e6 {[%emt 0:00:16]} 7. O-O {[%emt 0:00:08]} Bd6 {[%emt 0:00:12]} 8. d4 {[%emt 0:01:13]} O-O {[%emt 0:08:12]} 9. Nbd2 {[%emt 0:04:13]} Qe7 {[%emt 0:13:03]} 10. a3 {[%emt 0:04:12]} Rfe8 {[%emt 0:11:06]} 11. Ne5 {[%emt 0:03:56]} Bf5 {[%emt 0:01:29]} 12. Ndf3 {[%emt 0:05:20]} h6 {[%emt 0:10:30]} 13. Nxd7 {[%emt 0:12:44]} Nxd7 {[%emt 0:01:01]} 14. Nd2 {[%emt 0:02:05]} Nf6 {[%emt 0:04:07]} 15. Re1 {[%emt 0:00:23]} Rad8 {[%emt 0:12:38]} 16. e4 {[%emt 0:04:09]} dxe4 {[%emt 0:03:48]} 17. Nxe4 {[%emt 0:00:07]} Nxe4 {[%emt 0:09:13]} 18. Bxe4 {[%emt 0:00:02]} Bxe4 {[%emt 0:00:09]} 19. Rxe4 {[%emt 0:00:05]} f5 {[%emt 0:01:29]} 20. Re3 {[%emt 0:18:15]} c5 {[%emt 0:05:05]} 21. d5 {[%emt 0:02:26]} e5 {[%emt 0:02:24]} 22. Qh5 {[%emt 0:00:10]} Qf7 {[%emt 0:06:32]} 23. Qxf7+ {[%emt 0:00:06]} Kxf7 {[%emt 0:00:03]} 24. Rae1 {[%emt 0:00:14]} e4 {[%emt 0:03:13]} 25. f3 {[%emt 0:00:08]} Be5 {[%emt 0:00:31]} 26. Bxe5 {[%emt 0:00:19]} Rxe5 {[%emt 0:00:04]} 27. fxe4 {[%emt 0:00:43]} Rde8 {[%emt 0:00:05]} 28. Kf2 {[%emt 0:04:16]} fxe4 {[%emt 0:00:35]} 29. Ke2 {[%emt 0:00:15]} Ke7 {[%emt 0:00:23]} 30. Rf1 {[%emt 0:00:34]} a6 {[%emt 0:02:28]} 31. Rf4 {[%emt 0:07:03]} Kd6 {[%emt 0:00:05]} 32. g4 {[%emt 0:00:52]} h5 {[%emt 0:03:15]} 33. Rh3 {[%emt 0:08:55]} b5 {[%emt 0:00:08]} 34. gxh5 {[%emt 0:12:59]} bxc4 {[%emt 0:00:04]} 35. bxc4 {[%emt 0:00:07]} Rb8 {[%emt 0:00:07]} 36. h6 {[%emt 0:00:29]} Rb2+ {[%emt 0:00:17]} 37. Ke1 {[%emt 0:00:35]} 1/2-1/2

[Event "POL-chT 2nd League-3 2020"]
[Site "Poronin"]
[Date "2020.09.12"]
[Round "8.4"]
[White "Flasinski, Michal"]
[Black "Zurawski, Kamil"]
[Result "1-0"]
[WhiteElo "2205"]
[BlackElo "1695"]
[Annotator "ChessBase"]
[PlyCount "67"]
[EventDate "2020.09.05"]
[EventType "team-tourn"]
[EventCountry "POL"]
[SourceTitle "playchess.com"]
[Source "ChessBase"]
[SourceQuality "1"]
[WhiteTeam "KS AZS Politechniki Sl. Gliwice"]
[BlackTeam "LKS Chrobry Gniezno"]
[BlackTeamCountry "POL"]
[TimeControl "40/5400+30:900+30"]

1. d4 {[%emt 0:00:00]} Nf6 {[%emt 0:00:00]} 2. c4 {[%emt 0:00:00]} g6 {[%emt 0:00:16]} 3. Nf3 {[%emt 0:00:00]} Bg7 {[%emt 0:00:26]} 4. g3 {[%emt 0:00:01]} d5 {[%emt 0:03:42]} 5. cxd5 {[%emt 0:00:09]} Nxd5 {[%emt 0:00:07]} 6. Bg2 {[%emt 0:00:04]} Nb6 {[%emt 0:00:39]} 7. Nc3 {[%emt 0:00:34]} Nc6 {[%emt 0:00:39]} 8. e3 {[%emt 0:00:09]} O-O {[%emt 0:00:30]} 9. O-O {[%emt 0:00:05]} Re8 {[%emt 0:00:37]} 10. h3 {[%emt 0:04:24]} a5 {[%emt 0:01:28]} 11. Qe2 {[%emt 0:13:10]} Be6 {[%emt 0:11:49]} 12. Rd1 {[%emt 0:15:55]} Bc4 {[%emt 0:05:28]} 13. Qc2 {[%emt 0:08:30]} e5 {[%emt 0:25:16]} 14. Nxe5 {[%emt 0:03:35]} Nxe5 {[%emt 0:00:24]} 15. dxe5 {[%emt 0:00:06]} Qc8 {[%emt 0:00:16]} 16. f4 {[%emt 0:06:24]} Be6 {[%emt 0:00:56]} 17. Kh2 {[%emt 0:01:45]} c6 {[%emt 0:02:13]} 18. Ne4 {[%emt 0:03:30]} Bf5 {[%emt 0:01:19]} 19. Qb3 {[%emt 0:02:05]} Bxe4 {[%emt 0:01:59]} 20. Bxe4 {[%emt 0:00:03]} Qc7 {[%emt 0:01:23]} 21. Bd2 {[%emt 0:00:54]} Nd7 {[%emt 0:01:48]} 22. Bg2 {[%emt 0:05:45]} Nc5 {[%emt 0:01:49]} 23. Qc4 {[%emt 0:00:11]} Qb6 {[%emt 0:02:03]} 24. Bc3 {[%emt 0:00:38]} Ne6 {[%emt 0:01:01]} 25. Rd3 {[%emt 0:01:38]} Bf8 {[%emt 0:02:23]} 26. Rad1 {[%emt 0:01:08]} h6 {[%emt 0:04:32]} 27. h4 {[%emt 0:01:43]} Be7 {[%emt 0:03:23]} 28. Bh3 {[%emt 0:04:29]} Nc7 {[%emt 0:01:12]} 29. e6 {[%emt 0:01:29]} f6 {[%emt 0:00:44]} 30. Qe4 {[%emt 0:00:23]} Kh7 {[%emt 0:01:05]} 31. h5 {[%emt 0:00:10]} Rg8 {[%emt 0:01:38]} 32. Rd7 {[%emt 0:00:18]} Rae8 {[%emt 0:00:20]} 33. hxg6+ {[%emt 0:00:43]} Kg7 {[%emt 0:00:10]} 34. Bxf6+ {[%emt 0:00:14]} 1-0

[Event "POL-chT 2nd League-3 2020"]
[Site "Poronin"]
[Date "2020.09.12"]
[Round "8.5"]
[White "Wojdak, Jan"]
[Black "Szolc, Grzegorz"]
[Result "1-0"]
[WhiteElo "1814"]
[BlackElo "2036"]
[Annotator "ChessBase"]
[PlyCount "129"]
[EventDate "2020.09.05"]
[EventType "team-tourn"]
[EventCountry "POL"]
[SourceTitle "playchess.com"]
[Source "ChessBase"]
[SourceQuality "1"]
[WhiteTeam "LKS Chrobry Gniezno"]
[BlackTeam "KS AZS Politechniki Sl. Gliwice"]
[WhiteTeamCountry "POL"]
[TimeControl "40/5400+30:900+30"]

1. e4 {[%emt 0:00:00]} g6 {[%emt 0:00:00]} 2. d4 {[%emt 0:00:00]} Bg7 {[%emt 0:00:00]} 3. c4 {[%emt 0:00:00]} Nc6 {[%emt 0:00:52]} 4. d5 {[%emt 0:01:40]} Nd4 {[%emt 0:00:13]} 5. Be3 {[%emt 0:00:34]} e5 {[%emt 0:02:19]} 6. Nc3 {[%emt 0:03:03]} c5 {[%emt 0:03:49]} 7. Bd3 {[%emt 0:24:48]} d6 {[%emt 0:05:55]} 8. Nge2 {[%emt 0:00:31]} Ne7 {[%emt 0:03:16]} 9. O-O {[%emt 0:03:46]} O-O {[%emt 0:01:59]} 10. f4 {[%emt 0:02:53]} Bg4 {[%emt 0:21:03]} 11. Qe1 {[%emt 0:04:23]} Bxe2 {[%emt 0:10:30]} 12. Nxe2 {[%emt 0:07:16]} f5 {[%emt 0:09:16]} 13. Ng3 {[%emt 0:05:13]} Qd7 {[%emt 0:01:57]} 14. b4 {[%emt 0:06:19]} b6 {[%emt 0:02:24]} 15. Rc1 {[%emt 0:04:45]} Rae8 16. Bxd4 {[%emt 0:04:08]} cxd4 {[%emt 0:02:10]} 17. fxe5 dxe5 {[%emt 0:03:07]} 18. c5 {[%emt 0:01:57]} Bh6 {[%emt 0:14:21]} 19. d6 {[%emt 0:02:33]} Bxc1 {[%emt 0:08:57]} 20. Qxc1 {[%emt 0:00:16]} f4 {[%emt 0:04:38]} 21. dxe7 {[%emt 0:00:34]} Qxe7 {[%emt 0:00:04]} 22. Ne2 {[%emt 0:02:16]} Rc8 {[%emt 0:00:16]} 23. c6 {[%emt 0:02:52]} Qxb4 {[%emt 0:01:34]} 24. Qc4+ {[%emt 0:03:45]} Qxc4 {[%emt 0:00:02]} 25. Bxc4+ {[%emt 0:00:06]} Kg7 {[%emt 0:00:03]} 26. Bd5 {[%emt 0:00:04]} g5 {[%emt 0:02:01]} 27. Nc1 {[%emt 0:01:34]} Kf6 {[%emt 0:01:01]} 28. Nd3 {[%emt 0:00:59]} h5 {[%emt 0:00:50]} 29. g3 {[%emt 0:03:06]} h4 {[%emt 0:01:07]} 30. g4 {[%emt 0:02:55]} Rh8 {[%emt 0:00:10]} 31. h3 {[%emt 0:00:07]} Rh7 {[%emt 0:00:30]} 32. Rc1 {[%emt 0:05:11]} Rhc7 {[%emt 0:00:58]} 33. Kf2 {[%emt 0:01:55]} a6 {[%emt 0:00:34]} 34. Nb4 {[%emt 0:01:23]} a5 {[%emt 0:00:28]} 35. Nd3 {[%emt 0:00:21]} Rb8 {[%emt 0:00:27]} 36. Rb1 {[%emt 0:02:34]} b5 {[%emt 0:00:34]} 37. Nc5 {[%emt 0:00:28]} Rb6 {[%emt 0:00:31]} 38. Rc1 {[%emt 0:01:11]} Ke7 {[%emt 0:00:31]} 39. Ne6 {[%emt 0:01:12]} Rbxc6 {[%emt 0:00:26]} 40. Rxc6 {[%emt 0:00:00]} Rxc6 {[%emt 0:00:00]} 41. Bxc6 {[%emt 0:00:24]} Kxe6 {[%emt 0:00:14]} 42. Bxb5 {[%emt 0:00:04]} Kd6 {[%emt 0:00:09]} 43. a3 {[%emt 0:03:09]} d3 {[%emt 0:11:28]} 44. Bxd3 {[%emt 0:01:28]} Kc5 {[%emt 0:01:18]} 45. Ke2 {[%emt 0:00:21]} Kd4 {[%emt 0:00:38]} 46. Kd2 {[%emt 0:00:43]} f3 {[%emt 0:00:36]} 47. Bc2 {[%emt 0:04:21]} f2 {[%emt 0:00:46]} 48. Ke2 {[%emt 0:04:56]} Kc3 {[%emt 0:01:14]} 49. Bd1 {[%emt 0:00:47]} Kd4 {[%emt 0:01:13]} 50. Kxf2 {[%emt 0:03:57]} Kxe4 {[%emt 0:01:27]} 51. Bc2+ {[%emt 0:00:16]} Kf4 {[%emt 0:01:01]} 52. Bd3 {[%emt 0:02:06]} e4 {[%emt 0:00:15]} 53. Bf1 {[%emt 0:00:18]} e3+ {[%emt 0:00:51]} 54. Ke2 {[%emt 0:00:01]} Ke4 {[%emt 0:00:20]} 55. Bg2+ {[%emt 0:01:15]} Kf4 {[%emt 0:00:01]} 56. Bf3 {[%emt 0:01:19]} Kg3 {[%emt 0:00:28]} 57. Kxe3 {[%emt 0:00:05]} Kxh3 {[%emt 0:00:27]} 58. Kf2 {[%emt 0:00:03]} Kh2 {[%emt 0:01:56]} 59. Bg2 {[%emt 0:00:06]} a4 {[%emt 0:00:32]} 60. Bc6 {[%emt 0:00:46]} Kh3 {[%emt 0:00:31]} 61. Bd7 {[%emt 0:00:07]} Kh2 {[%emt 0:00:09]} 62. Bxa4 {[%emt 0:00:24]} h3 {[%emt 0:00:06]} 63. Bb5 {[%emt 0:00:14]} Kh1 {[%emt 0:00:39]} 64. Bf1 {[%emt 0:00:11]} Kh2 {[%emt 0:00:15]} 65. a4 {[%emt 0:00:10]} 1-0

[Event "POL-chT 2nd League-3 2020"]
[Site "Poronin"]
[Date "2020.09.12"]
[Round "8.6"]
[White "Mazur, Anna"]
[Black "Szelag, Zuzanna"]
[Result "0-1"]
[WhiteElo "1731"]
[BlackElo "1841"]
[Annotator "NA"]
[PlyCount "62"]
[EventDate "2020.09.05"]
[EventType "team-tourn"]
[EventCountry "POL"]
[SourceTitle "playchess.com"]
[Source "ChessBase"]
[SourceQuality "1"]
[WhiteTeam "KS AZS Politechniki Sl. Gliwice"]
[BlackTeam "LKS Chrobry Gniezno"]
[BlackTeamCountry "POL"]
[TimeControl "40/5400+30:900+30"]

1. e4 {[%emt 0:00:00]} c5 {[%emt 0:00:00]} 2. Nf3 {[%emt 0:00:00]} d6 {[%emt 0:00:00]} 3. d4 {[%emt 0:00:00]} cxd4 {[%emt 0:00:00]} 4. Nxd4 {[%emt 0:00:00]} Nf6 {[%emt 0:00:00]} 5. Nc3 {[%emt 0:00:00]} a6 {[%emt 0:00:00]} 6. h3 {[%emt 0:00:10]} e6 {[%emt 0:00:15]} 7. g4 {[%emt 0:00:59]} Be7 {[%emt 0:00:04]} 8. Bg2 {[%emt 0:00:06]} Nfd7 {[%emt 0:00:13]} 9. O-O {[%emt 0:00:47]} Nc6 {[%emt 0:00:41]} 10. Nde2 {[%emt 0:00:29]} b5 {[%emt 0:03:46]} 11. a3 {[%emt 0:06:14]} Bb7 {[%emt 0:01:37]} 12. Ng3 {[%emt 0:00:31]} Rc8 {[%emt 0:04:58]} 13. f4 {[%emt 0:17:07]} O-O {[%emt 0:07:42]} 14. g5 {[%emt 0:08:31]} Na5 {[%emt 0:12:07]} 15. Kh1 {[%emt 0:09:22]} Nc4 {[%emt 0:07:20]} 16. h4 {[%emt 0:05:16]} f6 {[%emt 0:04:54]} 17. Qg4 {[%emt 0:05:19]} e5 {[%emt 0:07:52]} 18. f5 {[%emt 0:12:05]} Re8 {[%emt 0:06:23]} 19. Nh5 {[%emt 0:02:04]} Bf8 {[%emt 0:00:59]} 20. g6 {[%emt 0:06:20]} Kh8 {[%emt 0:08:02]} 21. Nxg7 {[%emt 0:05:48]} Bxg7 {[%emt 0:01:58]} 22. Rf3 {[%emt 0:06:44]} Qe7 {[%emt 0:02:35]} 23. gxh7 {[%emt 0:05:43]} Qf8 {[%emt 0:05:47]} 24. Qg6 {[%emt 0:02:59]} d5 {[%emt 0:02:11]} 25. Rg3 {[%emt 0:01:19]} d4 {[%emt 0:01:30]} 26. h5 {[%emt 0:02:23]} dxc3 {[%emt 0:01:43]} 27. h6 {[%emt 0:01:03]} Re7 {[%emt 0:00:07]} 28. b3 {[%emt 0:01:22]} Nd2 {[%emt 0:00:33]} 29. hxg7+ {[%emt 0:00:41]} Rxg7 {[%emt 0:00:26]} 30. Qxg7+ {[%emt 0:00:23]} Qxg7 {[%emt 0:00:02]} 31. Rxg7 {[%emt 0:00:13]} Kxg7 {[%emt 0:00:03]} 0-1

[Event "POL-chT 2nd League-3 2020"]
[Site "Poronin"]
[Date "2020.09.12"]
[Round "8.11"]
[White "Rykala, Monika"]
[Black "Guzik, Jolanta"]
[Result "1/2-1/2"]
[WhiteElo "1877"]
[BlackElo "2003"]
[Annotator "NA"]
[PlyCount "23"]
[EventDate "2020.09.05"]
[EventType "team-tourn"]
[EventCountry "POL"]
[SourceTitle "playchess.com"]
[Source "ChessBase"]
[SourceQuality "1"]
[WhiteTeam "MTSz Minsk Mazowiecki"]
[BlackTeam "MCKIS Jaworzno"]
[BlackTeamCountry "POL"]
[TimeControl "40/5400+30:900+30"]

1. d4 {[%emt 0:00:00]} d5 {[%emt 0:00:00]} 2. c4 {[%emt 0:00:00]} e6 {[%emt 0:00:00]} 3. Nc3 {[%emt 0:00:00]} c6 {[%emt 0:00:09]} 4. e3 {[%emt 0:00:00]} Nf6 {[%emt 0:00:35]} 5. Nf3 {[%emt 0:00:00]} Nbd7 {[%emt 0:00:08]} 6. cxd5 {[%emt 0:00:14]} exd5 {[%emt 0:00:06]} 7. Bd3 {[%emt 0:00:07]} Bd6 {[%emt 0:00:26]} 8. O-O {[%emt 0:00:13]} O-O {[%emt 0:00:34]} 9. Qc2 {[%emt 0:00:10]} h6 {[%emt 0:00:38]} 10. b3 {[%emt 0:00:24]} Re8 {[%emt 0:00:27]} 11. Bb2 {[%emt 0:00:21]} Qe7 {[%emt 0:00:11]} 12. Na4 {[%emt 0:01:34]} 1/2-1/2

[Event "POL-chT 2nd League-3 2020"]
[Site "Poronin"]
[Date "2020.09.12"]
[Round "8.13"]
[White "Miroslaw, Michal"]
[Black "Myc, Marcin"]
[Result "1/2-1/2"]
[WhiteElo "2287"]
[BlackElo "2279"]
[Annotator "TA"]
[PlyCount "39"]
[EventDate "2020.09.05"]
[EventType "team-tourn"]
[EventCountry "POL"]
[SourceTitle "playchess.com"]
[Source "ChessBase"]
[SourceQuality "1"]
[WhiteTeam "LKSz Lublin"]
[BlackTeam "KSz Skoczek Siedlce"]
[WhiteTeamCountry "POL"]
[BlackTeamCountry "POL"]

{[%evp 12,15,33,27,25,35]} 1. e4 c6 2. d4 d5 3. exd5 cxd5 4. Bd3 Nc6 5. c3 g6 6. Nf3 Bg7 7. O-O Nf6 {D03: 1 d4 d5 2 Nf3 Nf6 3 Bg5, including Torre Attack with early ...d5.} 8. Re1 $1 {[#] A rather calm draw. The main line 8.Re1 scores better than 8.Bf4.} {Predecessor:} O-O $146 9. Bg5 Bf5 10. Bxf5 gxf5 11. Bxf6 Bxf6 12. Nbd2 e6 13. Nb3 Kh8 14. Nc5 Qc7 15. Qd2 Rg8 16. Nd3 Rg4 17. g3 Rag8 18. Kh1 Re4 19. Nc5 Rxe1+ 20. Rxe1 {1-0 (46) Kramnik,V (2809)-Hou,Y (2651) Medias 2016} 1/2-1/2